Adriatic Sea, Ionian Sea, or Aegean Sea? - Statistics

General Stats
  • This quiz has been taken 10 times
  • The average score is 10 of 15
Answer Stats
Hint Answer % Correct
Slovakia None
89%
Slovenia Adriatic Sea
78%
Hungary None
78%
Egypt None
78%
Libya None
78%
Bosnia and Herzegovina Adriatic Sea
67%
Croatia Adriatic Sea
67%
Montenegro Adriatic Sea
67%
Italy Adriatic Sea AND Ionian Sea
67%
Turkey Aegean Sea
67%
Greece Aegean Sea AND Ionian Sea
67%
Tunisia None
67%
Malta None
67%
Cyprus None
56%
Albania Adriatic Sea AND Ionian Sea
44%
No matching quizzes found
Score Distribution
Percent of People with Each Score
Percentile by Number Answered
Your Score History
You have not taken this quiz